UBT Library

Barron's 1100 words you need to know / (Record no. 43120)

000 -LEADER
fixed length control field 00925cam a2200301 a 4500
001 - CONTROL NUMBER
control field 17271471
005 - DATE AND TIME OF LATEST TRANSACTION
control field 20180222034856.0
008 - FIXED-LENGTH DATA ELEMENTS--GENERAL INFORMATION
fixed length control field 120425s2013 nyu 001 0 eng d
010 ## - LIBRARY OF CONGRESS CONTROL NUMBER
LC control number 2012938495
016 7# - NATIONAL BIBLIOGRAPHIC AGENCY CONTROL NUMBER
Record control number 016284672
Source Uk
020 ## - INTERNATIONAL STANDARD BOOK NUMBER
International Standard Book Number 9781438001661 (pbk.)
020 ## - INTERNATIONAL STANDARD BOOK NUMBER
International Standard Book Number 1438001665 (pbk.)
035 ## - SYSTEM CONTROL NUMBER
System control number (OCoLC)ocn829086962
040 ## - CATALOGING SOURCE
Original cataloging agency BPL
Transcribing agency BPL
Modifying agency YDXCP
-- UKMGB
-- BWX
-- CGP
-- ABG
-- DLC
041 ## - LANGUAGE CODE
Language code of text/sound track or separate title eng
042 ## - AUTHENTICATION CODE
Authentication code lccopycat
080 ## - UNIVERSAL DECIMAL CLASSIFICATION NUMBER
Universal Decimal Classification number 428.1 bro
082 04 - DEWEY DECIMAL CLASSIFICATION NUMBER
Classification number 428.1 bro
Edition number 22
100 1# - Rafti
Rafti 38
101 ## - Shkurtesa
Shkurtesa shk
245 10 - TITLE STATEMENT
Title Barron's 1100 words you need to know /
Statement of responsibility, etc Murray Bromberg, Melvin Gordon.
246 3# - VARYING FORM OF TITLE
Title proper/short title Barron's eleven hundred words you need to know
246 30 - VARYING FORM OF TITLE
Title proper/short title 1100 words you need to know
246 3# - VARYING FORM OF TITLE
Title proper/short title Eleven hundred words you need to know
906 ## - LOCAL DATA ELEMENT F, LDF (RLIN)
a 7
b cbc
c copycat
d 2
e ncip
f 20
g y-gencatlg
942 ## - ADDED ENTRY ELEMENTS (KOHA)
Source of classification or shelving scheme
Item type Books
Holdings
Withdrawn status Lost status Source of classification or shelving scheme Damaged status Not for loan Collection code Permanent location Current location Shelving location Date acquired Total Checkouts Full call number Barcode Date last seen Price effective from Koha item type
          Koleksioni i përgjithshem UBT - Lipjan UBT - Lipjan Koleksioni i përgjithshem 02/22/2018   428.1 bro 002-2999895 02/22/2018 02/22/2018 Books
          Koleksioni i përgjithshem UBT - Lipjan UBT - Lipjan Koleksioni i përgjithshem 02/22/2018   428.1 bro 002-2999900 02/22/2018 02/22/2018 Books
          Koleksioni i përgjithshem UBT - Lipjan UBT - Lipjan Koleksioni i përgjithshem 02/22/2018   428.1 bro 002-2999905 02/22/2018 02/22/2018 Books
UBT Library © 2015-2024. All rights reserved University Education for Business and Technology